000
00309nam a2200121Ia 4500
005
20251222141844.0
008
251222s9999||||xx |||||||||||||| ||spa||
082
_a
370.12/H82
100
_a
Huaranga Ross, Oscar
245
0
_a
Calidad Educativa y Enfoques Constructivistas
264
_b
San Marcos
942
_c
LIB
999
_c
7512
_d
7512